<?xml version="1.0" encoding="UTF-8"?>
<record
    xmlns:xsi="http://www.w3.org/2001/XMLSchema-instance"
    xsi:schemaLocation="http://www.loc.gov/MARC21/slim http://www.loc.gov/standards/marcxml/schema/MARC21slim.xsd"
    xmlns="http://www.loc.gov/MARC21/slim">

  <leader>02727nam a2200361uu 4500</leader>
  <controlfield tag="001">1022403</controlfield>
  <controlfield tag="005">20260507074557.0</controlfield>
  <controlfield tag="007">co|||||||</controlfield>
  <controlfield tag="008">070326e20071121                    spa  </controlfield>
  <datafield tag="035" ind1=" " ind2=" ">
    <subfield code="a">1022403</subfield>
  </datafield>
  <datafield tag="040" ind1=" " ind2=" ">
    <subfield code="c">comduadb</subfield>
  </datafield>
  <datafield tag="041" ind1=" " ind2=" ">
    <subfield code="a">spa</subfield>
  </datafield>
  <datafield tag="080" ind1=" " ind2=" ">
    <subfield code="a">Q/CD</subfield>
  </datafield>
  <datafield tag="082" ind1=" " ind2="4">
    <subfield code="a">363</subfield>
  </datafield>
  <datafield tag="100" ind1="1" ind2="0">
    <subfield code="a">Gomez Velez, Gloria Cecilia</subfield>
    <subfield code="4">aut</subfield>
    <subfield code="e">aut</subfield>
    <subfield code="9">437019</subfield>
  </datafield>
  <datafield tag="245" ind1="1" ind2="0">
    <subfield code="a">Sistematizacion de la experiencia de la gestion social en la viabilizacion del proyecto modernizacion del servicio (PMS) de la Empresa Antioque&#xF1;a de Energia (EADE) en aproximadamente 80 municipios del departamento de Antioquia en el periodo 2001-2005</subfield>
  </datafield>
  <datafield tag="260" ind1=" " ind2=" ">
    <subfield code="a">Medell&#xED;n :</subfield>
    <subfield code="b">[sin publicador],</subfield>
    <subfield code="c">2007.</subfield>
  </datafield>
  <datafield tag="300" ind1=" " ind2=" ">
    <subfield code="a">1 CD-ROM</subfield>
  </datafield>
  <datafield tag="520" ind1="3" ind2=" ">
    <subfield code="a">La Gesti&#xF3;n Social en el sector energ&#xE9;tico parte de la necesidad de viabilizar los proyectos que buscan minimizar las p&#xE9;rdidas,  como son los casos del Plan P&#xE9;rdidas implementado por Empresas P&#xFA;blicas de Medell&#xED;n y el Proyecto Modernizaci&#xF3;n del Servicio de la Empresa Antioque&#xF1;a de Energ&#xED;a, entre otros y  se transforma en un proceso que aporta al sostenimiento empresarial desde all&#xED;, se pretende construir un escenario que contribuya al desarrollo de las localidades y de la misma empresa, haci&#xE9;ndose efectiva la Responsabilidad Social Empresarial
La sistematizaci&#xF3;n realizada a partir del segundo semestre del 2005 hasta el segundo semestre del 2006, recogi&#xF3; los diferentes ejes y componentes de la experiencia de la Gesti&#xF3;n Social de la EADE en aproximadamente 80 municipios del Departamento de Antioquia en el per&#xED;odo 2001-2005, buscando un an&#xE1;lisis e interpretaci&#xF3;n de sus aciertos y desaciertos, de su l&#xF3;gica, y de los supuestos que sustentaron la experiencia para descubrir los nuevos aprendizajes obtenidos. Lo anterior, teniendo como base el acercamiento y la participaci&#xF3;n de las comunidades intervenidas por el PMS, el personal de la EADE y el equipo de Gesti&#xF3;n Social,  por medio de la recolecci&#xF3;n y el an&#xE1;lisis de informaci&#xF3;n mediante contactos directos y la revisi&#xF3;n de registros  documentales relacionados con la experiencia.
</subfield>
  </datafield>
  <datafield tag="650" ind1=" " ind2=" ">
    <subfield code="a">Gesti&#xF3;n social</subfield>
    <subfield code="9">56643</subfield>
  </datafield>
  <datafield tag="650" ind1=" " ind2="7">
    <subfield code="a">Desarrollo regional</subfield>
    <subfield code="z">Antioquia (Colombia)</subfield>
    <subfield code="2">embne</subfield>
    <subfield code="9">116348</subfield>
  </datafield>
  <datafield tag="650" ind1=" " ind2="7">
    <subfield code="a">Participaci&#xF3;n comunitaria</subfield>
    <subfield code="2">lemb</subfield>
    <subfield code="9">574</subfield>
  </datafield>
  <datafield tag="650" ind1=" " ind2=" ">
    <subfield code="a">Servicios p&#xFA;blicos - Antioquia</subfield>
    <subfield code="9">3527</subfield>
  </datafield>
  <datafield tag="650" ind1=" " ind2=" ">
    <subfield code="a">Energ&#xED;a el&#xE9;ctrica - Antioquia</subfield>
    <subfield code="9">41753</subfield>
  </datafield>
  <datafield tag="650" ind1=" " ind2=" ">
    <subfield code="a">EADE (Empresa Antioque&#xF1;a de Energ&#xED;a)</subfield>
    <subfield code="9">31713</subfield>
  </datafield>
  <datafield tag="700" ind1="1" ind2="0">
    <subfield code="a">Querubin Yepes, Angelica Maria</subfield>
    <subfield code="4">aut</subfield>
    <subfield code="e">aut</subfield>
    <subfield code="9">554667</subfield>
  </datafield>
  <datafield tag="700" ind1="1" ind2="0">
    <subfield code="a">Rua David, Diana Patricia</subfield>
    <subfield code="4">aut</subfield>
    <subfield code="e">aut</subfield>
    <subfield code="9">436706</subfield>
  </datafield>
  <datafield tag="700" ind1="1" ind2="0">
    <subfield code="a">Serna Arango, Llirly</subfield>
    <subfield code="4">aut</subfield>
    <subfield code="e">aut</subfield>
    <subfield code="9">545454</subfield>
  </datafield>
  <datafield tag="700" ind1="1" ind2="0">
    <subfield code="a">Montoya G&#xF3;mez, Brigida</subfield>
    <subfield code="4">ths</subfield>
    <subfield code="e">ths</subfield>
    <subfield code="9">257036</subfield>
  </datafield>
  <datafield tag="942" ind1=" " ind2=" ">
    <subfield code="c">TESIS</subfield>
  </datafield>
  <datafield tag="999" ind1=" " ind2=" ">
    <subfield code="c">412101</subfield>
    <subfield code="d">412101</subfield>
  </datafield>
  <datafield tag="502" ind1=" " ind2=" ">
    <subfield code="b">107</subfield>
    <subfield code="c">12</subfield>
  </datafield>
  <datafield tag="526" ind1=" " ind2=" ">
    <subfield code="a">108</subfield>
  </datafield>
  <datafield tag="952" ind1=" " ind2=" ">
    <subfield code="0">0</subfield>
    <subfield code="1">0</subfield>
    <subfield code="4">0</subfield>
    <subfield code="7">0</subfield>
    <subfield code="8">DIGITAL</subfield>
    <subfield code="a">CISH</subfield>
    <subfield code="b">CISH</subfield>
    <subfield code="d">2007-05-03</subfield>
    <subfield code="i">C948277</subfield>
    <subfield code="l">0</subfield>
    <subfield code="o">Q/CD-06160</subfield>
    <subfield code="p">0621781</subfield>
    <subfield code="r">2023-04-27 00:00:00</subfield>
    <subfield code="t">1</subfield>
    <subfield code="w">2023-04-27</subfield>
    <subfield code="y">DIGITAL</subfield>
  </datafield>
  <datafield tag="952" ind1=" " ind2=" ">
    <subfield code="0">0</subfield>
    <subfield code="1">0</subfield>
    <subfield code="4">0</subfield>
    <subfield code="7">0</subfield>
    <subfield code="8">TESDIGBC</subfield>
    <subfield code="a">BC</subfield>
    <subfield code="b">BC</subfield>
    <subfield code="d">2007-03-26</subfield>
    <subfield code="e">Material adquirido por donaci&#xF3;n</subfield>
    <subfield code="i">C943889</subfield>
    <subfield code="l">0</subfield>
    <subfield code="o">363.6 S623s CD-ROM</subfield>
    <subfield code="p">0718874</subfield>
    <subfield code="r">2023-04-27 00:00:00</subfield>
    <subfield code="t">1</subfield>
    <subfield code="w">2023-04-27</subfield>
    <subfield code="y">DIGITAL</subfield>
  </datafield>
</record>
